<?xml version="1.0" encoding="UTF-8"?>
<record
    xmlns:xsi="http://www.w3.org/2001/XMLSchema-instance"
    xsi:schemaLocation="http://www.loc.gov/MARC21/slim http://www.loc.gov/standards/marcxml/schema/MARC21slim.xsd"
    xmlns="http://www.loc.gov/MARC21/slim">

  <leader>01065nam a2200301 a 4500</leader>
  <controlfield tag="001">BRL_1872</controlfield>
  <controlfield tag="005">20190320211416.0</controlfield>
  <controlfield tag="008">110815s1995----au-o######---#000-0#ger-#</controlfield>
  <datafield tag="020" ind1=" " ind2=" ">
    <subfield code="a">3854252746</subfield>
  </datafield>
  <datafield tag="041" ind1=" " ind2=" ">
    <subfield code="a">ger</subfield>
  </datafield>
  <datafield tag="044" ind1=" " ind2=" ">
    <subfield code="a">au</subfield>
  </datafield>
  <datafield tag="050" ind1=" " ind2="4">
    <subfield code="a">PT3938</subfield>
    <subfield code="b">.W54 1995</subfield>
  </datafield>
  <datafield tag="245" ind1="1" ind2="0">
    <subfield code="a">Wie weit ist wien</subfield>
    <subfield code="b">Lateinamerika als Exil f&#xFC;r &#xF6;sterreichische Schriftsteller und K&#xFC;nstler</subfield>
    <subfield code="c">Alisa Douer, Ursula Seeber (Hg.) ; Mitarbeit, Edith Blaschitz.</subfield>
  </datafield>
  <datafield tag="260" ind1=" " ind2=" ">
    <subfield code="a">Wien</subfield>
    <subfield code="b">Picus Verlag Wien</subfield>
    <subfield code="c">1995</subfield>
  </datafield>
  <datafield tag="300" ind1=" " ind2=" ">
    <subfield code="a">312 p.</subfield>
    <subfield code="b">il.</subfield>
    <subfield code="c">31 cm.</subfield>
  </datafield>
  <datafield tag="500" ind1=" " ind2=" ">
    <subfield code="a">Au2219</subfield>
  </datafield>
  <datafield tag="504" ind1=" " ind2=" ">
    <subfield code="a">Bibliograf&#xED;a: p. 301</subfield>
  </datafield>
  <datafield tag="650" ind1="1" ind2="4">
    <subfield code="a">Autores australianos</subfield>
    <subfield code="v">Biograf&#xED;a</subfield>
    <subfield code="z">Am&#xE9;rica Latina</subfield>
    <subfield code="9">28094</subfield>
  </datafield>
  <datafield tag="650" ind1="1" ind2="4">
    <subfield code="a">Autores exiliados</subfield>
    <subfield code="v">Biograf&#xED;a</subfield>
    <subfield code="z">Austria</subfield>
    <subfield code="9">28095</subfield>
  </datafield>
  <datafield tag="650" ind1="1" ind2="4">
    <subfield code="a">Autores australianos</subfield>
    <subfield code="v">Biograf&#xED;a</subfield>
    <subfield code="y">Siglo XX</subfield>
    <subfield code="9">28096</subfield>
  </datafield>
  <datafield tag="650" ind1="1" ind2="4">
    <subfield code="a">Artistas expatriados</subfield>
    <subfield code="v">Biograf&#xED;a</subfield>
    <subfield code="z">Am&#xE9;rica Latina</subfield>
    <subfield code="9">28097</subfield>
  </datafield>
  <datafield tag="650" ind1="1" ind2="4">
    <subfield code="a">Artistas</subfield>
    <subfield code="v">Biograf&#xED;a</subfield>
    <subfield code="z">Austria</subfield>
    <subfield code="9">28098</subfield>
  </datafield>
  <datafield tag="700" ind1="1" ind2=" ">
    <subfield code="a">Douer, Alisa</subfield>
    <subfield code="9">28099</subfield>
  </datafield>
  <datafield tag="700" ind1="1" ind2=" ">
    <subfield code="a">Seeber, Ursula</subfield>
    <subfield code="9">23365</subfield>
  </datafield>
  <datafield tag="700" ind1="1" ind2=" ">
    <subfield code="a">Blaschitz, Edith</subfield>
    <subfield code="d">1967-</subfield>
    <subfield code="9">28100</subfield>
  </datafield>
  <datafield tag="902" ind1=" " ind2=" ">
    <subfield code="a">GRL</subfield>
  </datafield>
  <datafield tag="942" ind1=" " ind2=" ">
    <subfield code="2">lcc</subfield>
    <subfield code="c">B</subfield>
  </datafield>
  <datafield tag="999" ind1=" " ind2=" ">
    <subfield code="c">10680</subfield>
    <subfield code="d">10680</subfield>
  </datafield>
  <datafield tag="952" ind1=" " ind2=" ">
    <subfield code="0">0</subfield>
    <subfield code="1">0</subfield>
    <subfield code="4">0</subfield>
    <subfield code="7">0</subfield>
    <subfield code="a">BRL</subfield>
    <subfield code="b">BRL</subfield>
    <subfield code="d">2015-08-11</subfield>
    <subfield code="i">Au2219</subfield>
    <subfield code="l">0</subfield>
    <subfield code="o">PT3938 .W54 1995 (Au2219)</subfield>
    <subfield code="p">GRL02059</subfield>
    <subfield code="r">2019-03-22 00:00:00</subfield>
    <subfield code="w">2019-03-22</subfield>
    <subfield code="y">B</subfield>
  </datafield>
</record>
